| 000 | 01009nam a2200289 a 4500 | ||
|---|---|---|---|
| 001 | 000015922 | ||
| 003 | DO-SdBNP | ||
| 005 | 20240327131946.0 | ||
| 006 | a||||gr|||| 00| 0 | ||
| 007 | ta | ||
| 008 | 100222e19701977dr r 000 0 spa d | ||
| 040 |
_aDO-SdBNP _bspa _cBNPHU _erda |
||
| 082 | 4 |
_a305.80097293 _bF825n, 1977 _222 |
|
| 100 | 1 |
_aFranco, Franklyn J. _935813 _eautor |
|
| 245 | 1 | 0 |
_aLos negros, los mulatos y la nación dominicana / _cFranklyn J. Franco ; prólogo, Juan I. Jimenes Grullón. |
| 250 | _a5a. edición | ||
| 264 |
_aSanto Domingo : _bNacional, _c1977. |
||
| 300 |
_avii, 175 páginas completadas ; _c18 cm. |
||
| 500 | _aIncluye notas. | ||
| 504 | _aBibliografia : páginas 177-187. | ||
| 590 | _aInventariado, 2024 / MF | ||
| 650 | 4 |
_aEsclavitud _zRepública Dominicana _xHistoria _934179 |
|
| 650 | 4 |
_aNegros _zRepública Dominicana _xHistoria _917935 |
|
| 700 | 1 | 2 |
_aJimenes Grullón, Juan I., _eprólogo _935814 |
| 910 | _aValidado. Control de calidad. MFF | ||
| 942 |
_2ddc _cLBS1 |
||
| 999 |
_c15464 _d15464 |
||